| 000 | 00000nam 2200000za 4500 |
| 001 | 9.813309 |
| 003 | CaOODSP |
| 005 | 20200330193241 |
| 007 | ta |
| 008 | 160318s2016 onc # f000 0 eng d |
| 020 | |a978-0-660-04923-6 |
| 040 | |aCaOODSP|beng |
| 043 | |an-cn--- |
| 086 | 1 |aFA1-2016/1-4E |
| 110 | 1 |aCanada. |bOffice of the Auditor General. |
| 245 | 10|aDrug benefits - Veterans Affairs Canada. |
| 260 | |a[Ottawa] : |bOffice of the Auditor General of Canada, |cc2016. |
| 300 | |aiii, 21 p. ; |c28 cm. |
| 490 | 1 |aReports of the Auditor General of Canada, |x0821-8110 ; |vSpring 2016, report 4 |
| 500 | |aIssued also in French under title: Les prestations pharmaceutiques - Anciens Combattants Canada. |
| 520 | |a"This audit focused on whether Veterans Affairs Canada managed the drug component of its Health Care Benefits Program to contribute to the health of its veteran population by providing coverage for drugs based on evidence, using cost-effectiveness strategies, and monitoring the utilization of drugs covered."--Focus of the audit. |
| 692 | 07|2gccst|aVeterans |
| 692 | 07|2gccst|aBenefits |
| 692 | 07|2gccst|aPrescription drugs |
| 692 | 07|2gccst|aAudit |
| 775 | 08|tLes prestations pharmaceutiques - Anciens Combattants Canada.|w(CaOODSP)9.813355 |
| 776 | 0#|tDrug benefits - Veterans Affairs Canada |w(CaOODSP)9.813244 |
| 830 | #0|aReports of the Auditor General of Canada,|x0821-8110 ; |vSpring 2016, report 4.|w(CaOODSP)9.833839 |